000 00466nam a2200157 i 4500
001 90533
003 ES-MaACL
005 20230906180454.0
007 t|
008 050121s1961 it ||||1| ita d
100 1 _aLecaldano, Paolo.
_971044
245 1 2 _aI grandi maestri della pittura italiana del seicento /
_ca cura di Paolo Lecaldano.
260 _a[Milano] :
_bRizzoli,
_c[1961]
300 _a10 h., 104 lám. ;
_c35 cm.
852 _aES-MaACL
_jB-1123
_bR.41651
999 _c90533
_d90533